| 000 | 01531nam a22003017a 4500 | ||
|---|---|---|---|
| 001 | 476 | ||
| 003 | OSt | ||
| 005 | 20250902140521.0 | ||
| 008 | 250902b |||||||| |||| 00| 0 eng d | ||
| 020 | _a8526007750 | ||
| 040 | _bpor | ||
| 041 | _hpor | ||
| 043 | _as-bl--- | ||
| 082 | 0 | 4 |
_a028.5 _bA544r |
| 100 | 1 |
_aLopes, Cecília Reggiani. _91021 |
|
| 245 | 1 | 2 |
_aO rouxinol e o imperador da China / _cHans Christian Andersen ; adaptação Cecilia Reggiani Lopes ; ilustrações Cláudia Scatamacchia. |
| 260 |
_aSão Paulo: _bGlobal, _c2002. |
||
| 300 |
_a47p. : _bil. ; |
||
| 490 | 1 |
_a(Literatura em minha casa. Clássico universal ; _vv.4 |
|
| 520 | _a“O Rouxinol e o Imperador da China” é um conto clássico de Hans Christian Andersen que narra a história de um imperador fascinado pela beleza do canto de um rouxinol. Ao descobrir o pássaro, o convida para viver em seu palácio, mas logo o substitui por um rouxinol mecânico feito de joias. Com o tempo, o falso rouxinol se desgasta e, quando o imperador adoece, apenas o canto verdadeiro do rouxinol consegue devolver-lhe a esperança e a vontade de viver. A obra traz uma reflexão sobre a simplicidade, a autenticidade e o valor do natural frente ao artificial. | ||
| 650 | 0 | 0 |
_aLiteratura Estrangeira _99 |
| 650 | 0 | 0 |
_aClássicos _977 |
| 650 | 0 | 0 |
_aContos de fadas _91023 |
| 700 | 1 |
_aAndersen, H. C. _d1805-1875 _tLe rossignol et l'empereur |
|
| 700 | 1 |
_aScatamacchia, Cláudia, _d1946- _91025 |
|
| 830 |
_aLiteratura em minha casa _91026 |
||
| 942 |
_2ddc _n0 _cBK |
||
| 999 |
_c476 _d476 |
||